| 000 | 00396pab a2200145 454500 | ||
|---|---|---|---|
| 008 | 180718b xxu||||| |||| 00| 0 eng d | ||
| 100 | _aThangaraj M. | ||
| 245 | _aMandal verdict and SCs/STs | ||
| 362 | _a18 Aug 1994, p.8 | ||
| 650 | _a Reservation -- Policy -- India | ||
| 650 | _a Scheduled Castes and Tribes -- India | ||
| 650 | _aBackward Classes -- India | ||
| 773 | _aHindu | ||
| 909 | _a27131 | ||
| 999 |
_c27131 _d27131 |
||